Modern microeconomics (Record no. 156865)
[ view plain ]
| 000 -LEADER | |
|---|---|
| fixed length control field | 00600nam a2200241Ia 4500 |
| 003 - CONTROL NUMBER IDENTIFIER | |
| control field | OSt |
| 005 - DATE AND TIME OF LATEST TRANSACTION | |
| control field | 20230427094908.0 |
| 008 - FIXED-LENGTH DATA ELEMENTS--GENERAL INFORMATION | |
| fixed length control field | 210423s2009 xx 000 0 und d |
| 020 ## - INTERNATIONAL STANDARD BOOK NUMBER | |
| International Standard Book Number | 9780333778210 |
| 040 ## - CATALOGING SOURCE | |
| Transcribing agency | AL |
| 041 ## - LANGUAGE CODE | |
| Language code of text/sound track or separate title | eng |
| 082 ## - DEWEY DECIMAL CLASSIFICATION NUMBER | |
| Classification number | 338.5 |
| Edition number | 23 |
| Item number | KOUA |
| 100 ## - MAIN ENTRY--PERSONAL NAME | |
| Personal name | KOUTSOYIANNIS (A) |
| 9 (RLIN) | 82553 |
| 245 ## - TITLE STATEMENT | |
| Title | Modern microeconomics |
| 250 ## - EDITION STATEMENT | |
| Edition statement | 2 |
| 260 ## - PUBLICATION, DISTRIBUTION, ETC. | |
| Place of publication, distribution, etc. | New Delhi |
| Name of publisher, distributor, etc. | Oxford University Press |
| Date of publication, distribution, etc. | 2009 |
| 300 ## - PHYSICAL DESCRIPTION | |
| Extent | xvii,581 |
| Other physical details | PB |
| 365 ## - TRADE PRICE | |
| Price amount | 295 |
| Currency code | INR |
| 650 ## - SUBJECT ADDED ENTRY--TOPICAL TERM | |
| Topical term or geographic name entry element | Economics |
| 9 (RLIN) | 82554 |
| 650 ## - SUBJECT ADDED ENTRY--TOPICAL TERM | |
| Topical term or geographic name entry element | Microeconomics |
| 9 (RLIN) | 82555 |
| 906 ## - LOCAL DATA ELEMENT F, LDF (RLIN) | |
| a | microeconomics ; Modern |
| 942 ## - ADDED ENTRY ELEMENTS (KOHA) | |
| Source of classification or shelving scheme | Dewey Decimal Classification |
| Koha item type | Book |
| Withdrawn status | Lost status | Damaged status | Not for loan | Collection code | Home library | Current library | Date acquired | Source of acquisition | Cost, normal purchase price | Total Checkouts | Full call number | Barcode | Date last seen | Date last checked out | Price effective from | Koha item type |
|---|---|---|---|---|---|---|---|---|---|---|---|---|---|---|---|---|
| Economics | St Aloysius PG Library | St Aloysius PG Library | 08/28/2008 | Athulya Books | 295.00 | 3 | 338.5 KOUA | PG002474 | 01/03/2023 | 12/22/2022 | 04/26/2021 | Book | ||||
| Economics | St Aloysius PG Library | St Aloysius PG Library | 03/19/2010 | Athulya Books | 295.00 | 3 | 338.5 KOUA | PG003037 | 02/11/2026 | 02/04/2026 | 04/26/2021 | Book | ||||
| Economics | St Aloysius PG Library | St Aloysius PG Library | 03/19/2010 | Athulya Books | 295.00 | 3 | 338.5 KOUA | PG003038 | 01/21/2026 | 01/16/2026 | 04/26/2021 | Book | ||||
| Economics | St Aloysius PG Library | St Aloysius PG Library | 07/21/2009 | Athulya Books | 295.00 | 1 | 338.5 KOUA | PG003340 | 01/24/2026 | 01/16/2026 | 04/26/2021 | Book | ||||
| Economics | St Aloysius PG Library | St Aloysius PG Library | 07/21/2009 | Athulya Books | 295.00 | 338.5 KOUA | PG003341 | 08/24/2022 | 04/26/2021 | Book |